[Event "Finkenstein op"]
[Site "Finkenstein"]
[Date "1996.??.??"]
[Round "2"]
[White "Mencinger, Vojko"]
[Black "Tarmann, J."]
[Result "1-0"]
[WhiteElo "2390"]
[BlackElo "1985"]

1.e4 c5 2.Nf3 e6 3.d4 cxd4 4.Nxd4 a6 5.Bd3 Nf6 6.O-O Qc7 7.Qe2 d6 8.Kh1 Nbd7
9.c4 Ne5 10.b3 Be7 11.Bc2 O-O 12.Bb2 b6 13.Nd2 Bb7 14.Rae1 Rfe8 15.f4 Ng6
16.e5 Nd7 17.f5 exf5 18.exd6 Bxd6 19.Qxe8+ Rxe8 20.Rxe8+ Ndf8 21.Bxf5 Ne7
22.Be6 Bf4 23.Bxf7+ Kxf7 24.Rxf8+ Kxf8 25.Ne6+ Kg8 26.Nxc7 Bxc7 27.Nf3 Ng6
28.Ng5 Nf4 29.Nf3 h6 30.Rd1 Bc6 31.Ba3 Nh3 32.Rd2 Bf4 33.Rd8+ Kh7 34.gxh3 Bxf3+
35.Kg1 Be4 36.Bd6 Be3+ 37.Kf1 Bb1 38.Be5 Bxa2 39.Rd7 Kg6 40.Ke2 Bc5 41.Rd3 a5
42.Bd6 a4 43.Bxc5 bxc5 44.bxa4 Bxc4 45.Kd2 Bxd3 46.Kxd3 Kf6 47.a5  1-0

[Event "FRA-ch"]
[Site "France"]
[Date "1996.??.??"]
[Round "3"]
[White "Santo Roman, Marc"]
[Black "Koch, Jean Rene"]
[Result "0-1"]
[WhiteElo "2385"]
[BlackElo "2490"]

1.e4 c5 2.Nf3 e6 3.d4 cxd4 4.Nxd4 a6 5.Bd3 Bc5 6.Nb3 Ba7 7.O-O Nc6 8.Qg4 Nf6
9.Qxg7 Rg8 10.Qh6 Rg6 11.Qh4 Rg4 12.Qh3 Ne5 13.N1d2 d5 14.Nf3 Nxf3+ 15.Qxf3 dxe4
16.Bxe4 Bb8 17.h3 Rg8 18.Bxb7 Bxb7 19.Qxb7 Qd6 20.Qc8+ Ke7 21.Qc5 Qxc5 22.Nxc5 Rc8
23.Nd3 Rxc2 24.Bg5 Ba7 25.Rac1 Rac8 26.Rxc2 Rxc2 27.Re1 Bd4 28.Re4 e5 29.Rh4 Ke6
30.Rh6 e4 31.Bxf6 Bxf6 32.Nf4+ Kf5 33.g4+ Ke5 34.Rh5+ Kd6 35.Rh6 Ke5 36.Rh5+ Kd4
37.Rf5 Bh4 38.Ng2 Be7 39.Rxf7 Bc5 40.Ne3  0-1

[Event "FRA-ch"]
[Site "France"]
[Date "1996.??.??"]
[Round "5"]
[White "Prie, Eric"]
[Black "Koch, Jean Rene"]
[Result "1/2-1/2"]
[WhiteElo "2480"]
[BlackElo "2490"]

1.e4 c5 2.Nf3 e6 3.d4 cxd4 4.Nxd4 a6 5.Bd3 Nc6 6.Nxc6 dxc6 7.Nd2 Qc7 8.O-O e5
9.a4 Nf6 10.Qe2 Be7 11.a5 O-O 12.Nc4 Be6 13.Be3 Bxc4 14.Bxc4 Bb4 15.Bb6 Qe7
16.c3 Bc5 17.Bxc5 Qxc5 18.Rfd1 Rad8 19.b4 Qe7 20.Qe3 g6 21.f3 Rxd1+ 22.Rxd1 Rd8
23.Rxd8+ Qxd8 24.Qa7 Qc8 25.Qc5 Qc7 26.Kf2 Ne8 27.g3 Qd6 28.Qxd6 Nxd6 29.Bf1 Kf8
30.Ke3 Ke7 31.f4 f6 32.h4 h6 33.c4 Kd8 34.fxe5 fxe5 35.Kd3 Ne8 36.Bh3 Nf6
37.Ke3 Kc7 38.c5 g5  1/2-1/2

[Event "Chess Classics op"]
[Site "Frankfurt"]
[Date "1996.??.??"]
[Round "?"]
[White "Lutz, Christopher"]
[Black "Arbakov, Valentin"]
[Result "1-0"]
[WhiteElo "2595"]
[BlackElo "2515"]

1.e4 c5 2.Nf3 e6 3.d4 cxd4 4.Nxd4 a6 5.Bd3 Qc7 6.O-O Nf6 7.Qe2 d6 8.c4 Nbd7
9.f4 g6 10.f5 e5 11.Nc2 Bg7 12.Nc3 b6 13.Kh1 Bb7 14.Nb4 h6 15.Nbd5 Bxd5 16.cxd5 b5
17.Be3 g5 18.a4 b4 19.Na2 a5 20.Rac1 Qb8 21.Rc6 O-O 22.Nc1 Kh8 23.Nb3 Rg8
24.Rfc1 Qf8 25.Bg1 h5 26.Bb5 g4 27.Rc7 Bh6 28.Rxd7 Bxc1 29.Nxc1 Rc8 30.Nb3 Nxd7
31.Bxd7 Rc7 32.Bc6 f6 33.Nxa5 Rh7 34.Nc4 g3 35.h3 Rg4 36.a5 Qh6 37.Bb5 Qc1
38.Qf2 Rf7 39.Qe1 Kh7 40.Bd7 Rh4 41.Qe2  1-0

[Event "ISL-ch"]
[Site "Gardabaer"]
[Date "1996.??.??"]
[Round "2"]
[White "Hjartarson, Johann"]
[Black "Vidarsson, Jon G"]
[Result "1/2-1/2"]
[WhiteElo "2570"]
[BlackElo "2340"]

1.e4 c5 2.Nf3 e6 3.d4 cxd4 4.Nxd4 a6 5.Bd3 Nc6 6.Nxc6 bxc6 7.c4 d5 8.O-O dxc4
9.Bxc4 Qxd1 10.Rxd1 Nf6 11.f3 Bc5+ 12.Kf1 O-O 13.Nc3 e5 14.Na4 Bd4 15.Bd2 Rb8
16.Rac1 c5 17.b3 Bb7 18.Ba5 Nd7 19.Nc3 g6 20.Ke2 Kg7 21.Bd5 Bxd5 22.Nxd5 f5
23.Kd3 fxe4+ 24.Kxe4 c4 25.Rxc4 Nc5+ 26.Rxc5 Bxc5 27.Bc7 Rb7 28.Rc1 Bb4 29.Rc6 a5
30.Bxe5+ Kf7 31.f4 Rd8 32.Rf6+ Kg8 33.Ra6 Kf7 34.g4 Rbd7 35.Nf6 Rd1 36.Ra7+ Be7
37.Nxh7 Re1+ 38.Kf3 Ke6 39.Ra6+ Kf7 40.Ra7 Ke6 41.Ra6+ Kf7 42.Ra7  1/2-1/2

[Event "ISL-ch"]
[Site "Gardabaer"]
[Date "1996.??.??"]
[Round "5"]
[White "Jonasson, Benedikt"]
[Black "Stefansson, Hannes"]
[Result "1/2-1/2"]
[WhiteElo "2280"]
[BlackElo "2540"]

1.e4 c5 2.Nf3 e6 3.d4 cxd4 4.Nxd4 a6 5.Bd3 Nf6 6.O-O Qc7 7.Qe2 d6 8.c4 g6
9.Nc3 Bg7 10.Be3 O-O 11.Rac1 Nbd7 12.f3 b6 13.Rfd1 Bb7 14.Qf2 Rac8 15.Bf1 Rfe8
16.b4 Qb8 17.Nb3 Ba8 18.Bf4 Ne5 19.Na4 Nfd7 20.Be3 Rc6 21.b5 axb5 22.cxb5 Rxc1
23.Rxc1 Nc5 24.Naxc5 dxc5 25.a4 Rd8 26.Bf4 Qc8 27.Qc2 Qd7 28.a5 c4 29.Bxc4 bxa5
30.Be2 f5 31.Be3 fxe4 32.fxe4 Qe7 33.Nxa5 Qb4 34.Nc6 Nxc6 35.bxc6 Rc8 36.c7 Be5
37.Qc4 Qd6 38.Bg4 Bxh2+ 39.Kh1 Rxc7 40.Bxe6+ Kg7 41.Bd4+ Kh6 42.Be3+ Kg7
43.Bc5 Rxc5 44.Qxc5 Bxe4 45.Qa7+ Kh6 46.Qe3+ Bf4 47.Qh3+ Kg7 48.Ra1 h5 49.Bb3 Qd2
50.Rd1 Qe2 51.Qc3+ Kh6 52.Qh8+ Kg5 53.Qd8+ Kg4 54.Qc8+ Kh4 55.Qh3+ Kg5 56.Rg1 Qf2
57.Be6 Be5 58.Bc4 Bf5 59.Rf1 Qd4 60.Rxf5+ gxf5 61.Bf1 Qf2 62.Qf3 Qh4+ 63.Qh3 Qf4
64.g3 Qf3+ 65.Qg2 Qc3 66.Be2 Qd2 67.Qf3 Kf6 68.Bd3 Qc1+ 69.Kg2  1/2-1/2

[Event "ISL-ch"]
[Site "Gardabaer"]
[Date "1996.??.??"]
[Round "7"]
[White "Jonasson, Benedikt"]
[Black "Vidarsson, Jon G"]
[Result "0-1"]
[WhiteElo "2280"]
[BlackElo "2340"]

1.e4 c5 2.Nf3 e6 3.d4 cxd4 4.Nxd4 a6 5.Bd3 g6 6.O-O Bg7 7.Be3 Ne7 8.c4 O-O
9.Nc3 d5 10.exd5 exd5 11.Rc1 dxc4 12.Bxc4 b5 13.Bb3 Bb7 14.Qg4 h5 15.Qg5 Nec6
16.Nxc6 Qxg5 17.Bxg5 Nxc6 18.Nd5 Nd4 19.Rc7 Nxb3 20.Ne7+ Kh7 21.axb3 Rab8
22.Bf4 Ba8 23.h3 Rbd8 24.Ra1 Rd4 25.Be3 Rd3 26.Kf1 Bxb2 27.Rxa6 Be4 28.b4 Rb3
29.f3 Rxe3 30.fxe4 Bg7 31.Ra5 Rxe4 32.Rxb5 Re8 33.Rbb7 Bf6 34.Nd5 Re1+ 35.Kf2 Bd4+
36.Kg3 Be5+ 37.Kf3 Bxc7 38.Nf6+ Kh6 39.Nxe8 Bh2 40.Nc7 Re7 41.g3 h4 42.b5 Bxg3
43.b6 Rd7 44.Ra7 f5 45.Ke2 Re7+ 46.Kf3 Rd7 47.Ke2 Rd4 48.Ra8 Rb4 49.Nd5 Rb2+
50.Kd3 Bf2 51.Rb8 Rb5 52.Nc3 Rb4 53.Ke2 Bxb6 54.Rb7 Rc4 55.Nd5 Bg1 56.Kf3 Rc2
57.Kf4 Bd4  0-1

[Event "Eikrem mem"]
[Site "Gausdal"]
[Date "1996.??.??"]
[Round "1"]
[White "Getta, Markus"]
[Black "Ostenstad, Berge"]
[Result "0-1"]
[WhiteElo "2060"]
[BlackElo "2465"]

1.e4 c5 2.Nf3 e6 3.d4 cxd4 4.Nxd4 a6 5.Bd3 Bc5 6.Nb3 Ba7 7.O-O Ne7 8.Qe2 Nbc6
9.Be3 e5 10.Bxa7 Rxa7 11.Nc3 O-O 12.Rad1 d6 13.a4 Ng6 14.Nd5 Be6 15.Qe3 Ra8
16.Nb6 Rb8 17.Bc4 Qc7 18.Nd5 Bxd5 19.Bxd5 Nb4 20.c3 Nxd5 21.Rxd5 Nf4 22.Rd2 Qc4
23.Nc1 Qxa4 24.Rxd6 Rbd8 25.Qb6 Rxd6 26.Qxd6 Qxe4 27.f3 Qc2  0-1

[Event "Gausdal Masters"]
[Site "Gausdal"]
[Date "1996.??.??"]
[Round "4"]
[White "Borge, Nikolaj"]
[Black "Ostenstad, Berge"]
[Result "1/2-1/2"]
[WhiteElo "2455"]
[BlackElo "2470"]

1.e4 c5 2.Nf3 e6 3.d4 cxd4 4.Nxd4 a6 5.Bd3 Bc5 6.Nb3 Ba7 7.Qe2 d6 8.Nc3 Nc6
9.Be3 Bxe3 10.Qxe3 Nf6 11.O-O-O O-O 12.f4 Qc7 13.g4 b5 14.g5 Nd7 15.h4 b4
16.Ne2 a5 17.Kb1 a4 18.Nbd4 Qb6 19.g6 fxg6 20.h5 g5 21.Bc4 Nxd4 22.Rxd4 gxf4
23.Bxe6+ Kh8 24.Qd2 Ne5 25.Rxd6 Qe3 26.Nxf4 Qxd2 27.Rxd2 Bd7 28.Ng6+ Nxg6
29.Rxd7 Nf4 30.Bg4 Ng2 31.Rg1 Rf2 32.Rd3 Raf8 33.Bd1 Nf4 34.Rd7 g6 35.hxg6 Nxg6
36.Rh1 R8f7 37.Rxf7 Rxf7 38.Bh5 Kg7 39.Kc1 Rf2 40.Bxg6 hxg6 41.Rd1 Kf6 42.Rd6+ Ke5
43.Rxg6 Kxe4 44.a3 Rf1+ 45.Kd2 Rf2+ 46.Kd1 b3 47.Rg4+ Kd5 48.cxb3  1/2-1/2

[Event "Geneve op"]
[Site "Geneve"]
[Date "1996.??.??"]
[Round "3"]
[White "Sokolov, Andrei"]
[Black "Rotstein, Arkadij"]
[Result "1/2-1/2"]
[WhiteElo "2580"]
[BlackElo "2445"]

1.e4 c5 2.Nf3 e6 3.d4 cxd4 4.Nxd4 a6 5.Bd3 Qc7 6.O-O Nf6 7.Qe2 d6 8.a4 g6
9.Be3 Bg7 10.Nd2 O-O 11.h3 d5 12.c4 dxe4 13.Bxe4 Nxe4 14.Nxe4 e5 15.Nb3 Nc6
16.Bc5 Re8 17.a5 Be6 18.Rfe1 Nd4 19.Nxd4 exd4 20.b4 Qc6 21.Rad1 Bxc4 22.Qxc4 Rxe4
23.Rxe4 Qxe4 24.Qd3 Qxd3 25.Rxd3 f5 26.Kf1 Kf7 27.Ke2 Rd8 28.Bb6 Rd7 29.Rd1 Bf8
30.Rb1 d3+ 31.Kd2 Bh6+ 32.Kd1 Ke6 33.Rb3 Ke5 34.b5 Rd5 35.bxa6 bxa6 36.Rc3 Ke6
37.Rc6+ Rd6 38.Rc7 Rd7 39.Rc3 Ke5 40.Rc5+ Rd5 41.Rc3 Bf8 42.Rc4 Rb5 43.Rc8 Bh6
44.Re8+ Kf6 45.Be3 Kf7 46.Rc8 f4 47.Bd2 Rb1+ 48.Rc1 Rxc1+ 49.Kxc1 Ke6 50.f3 Kd5
51.g4 g5 52.Bc3 Bf8 53.Bf6 h6 54.h4 gxh4 55.Bxh4 Kd4 56.Bf2+ Kc4 57.Bb6 Bd6
58.Kd2 Be5 59.Bd8 Bc3+ 60.Kd1 Kd5 61.Bc7 Be5 62.Bd8 Bd4 63.Be7 Bg7 64.Bd8 Bc3
65.Be7 Be5 66.Bd8 Kd4 67.Bb6+ Kc3 68.Bc5 Bc7 69.Bf8 Kd4 70.Bxh6 Ke3 71.g5 Bxa5
72.g6 Bc3 73.g7 Bxg7 74.Bxg7 Kxf3 75.Bc3 Ke3 76.Bd2+ Ke4 77.Ke1 Kf3 78.Kf1 Kg3
79.Be1+ Kf3 80.Bd2 Ke4 81.Kf2 f3 82.Ba5 Kd4 83.Bd2 Kc4 84.Kxf3 Kb3 85.Ke3 Kc2
86.Ba5  1/2-1/2

[Event "Geneve op"]
[Site "Geneve"]
[Date "1996.??.??"]
[Round "6"]
[White "Olivier, Jean Christophe"]
[Black "Rotman, Daniel"]
[Result "0-1"]
[WhiteElo "2280"]
[BlackElo "2305"]

1.e4 c5 2.Nf3 e6 3.d4 cxd4 4.Nxd4 a6 5.Bd3 Qb6 6.Nb3 Qc7 7.f4 d6 8.Be3 Nf6
9.c4 b6 10.Nc3 Be7 11.O-O O-O 12.g4 Nfd7 13.g5 Nc6 14.Rc1 Nc5 15.Nxc5 dxc5
16.e5 Rd8 17.Bxh7+ Kxh7 18.Qh5+ Kg8 19.Ne4 Nd4 20.Bxd4 cxd4 21.Nf6+ gxf6
22.gxf6 d3 23.b4 Bb7 24.Kf2 Bxf6 25.Rg1+ Kf8 26.Qh6+ Ke8 27.Qxf6 Qe7 28.Rcd1 Qxf6
29.exf6 Be4 30.Ke3 Bg6 31.f5 Bxf5 32.Rg7 Bg6 33.h4 Kd7 34.h5 Bxh5 35.Rxd3+ Kc7
36.Rxd8 Rxd8 37.Ke4 Bg6+ 38.Ke5 Rd1 39.Rg8 Re1+ 40.Kd4 Re4+ 41.Kc3 Rf4  0-1

[Event "BL2-O9596"]
[Site "Germany"]
[Date "1996.??.??"]
[Round "?"]
[White "Weichert, Helmut"]
[Black "Meier, Volker"]
[Result "1-0"]
[WhiteElo "2255"]
[BlackElo "2295"]

1.e4 c5 2.Nf3 e6 3.d4 cxd4 4.Nxd4 a6 5.Bd3 Nc6 6.Nxc6 dxc6 7.O-O e5 8.f4 Bc5+
9.Kh1 Nf6 10.f5 h5 11.Bg5 Qd6 12.Nc3 b5 13.Qe2 Bb7 14.a4 Kf8 15.Nd1 Rd8 16.Rf3 Qd4
17.Qe1 Ke7 18.c3 Qd6 19.Bc2 Bb6 20.Qh4 c5 21.Ne3 c4 22.Rff1 Qc5 23.axb5 axb5
24.Rfe1 Ra8 25.Rad1 Rhd8 26.Nd5+ Bxd5 27.exd5 Bc7 28.Be3 Qd6 29.Bd4 e4 30.Be5 Qb6
31.d6+ Bxd6 32.Bxf6+ gxf6 33.Rxe4+ Be5 34.Rxe5+ Kf8 35.Ree1  1-0

[Event "BL2-S9596"]
[Site "Germany"]
[Date "1996.??.??"]
[Round "?"]
[White "Kistner, Klaus"]
[Black "Schneider, Bernd2"]
[Result "0-1"]
[WhiteElo "2225"]
[BlackElo "2235"]

1.e4 c5 2.Nf3 e6 3.d4 cxd4 4.Nxd4 a6 5.Bd3 Qc7 6.O-O Nf6 7.Qe2 d6 8.c4 b6
9.Nc3 Bb7 10.f4 Nbd7 11.Bd2 g6 12.Rae1 Bg7 13.e5 dxe5 14.fxe5 Qxe5 15.Qf2 Qxh2+
16.Kxh2 Ng4+ 17.Kg3 Nxf2 18.Nxe6 Be5+ 19.Rxe5 Nxe5 20.Nc7+ Kd7 21.Nxa8 Nfxd3
22.Nxb6+ Ke6 23.Ncd5 f5 24.Nf4+ Nxf4 25.Bxf4 Rd8 26.Bxe5 Kxe5 27.Re1+ Be4
28.Nd5 g5 29.Re2 h5 30.Kf2 h4 31.Nb4 Rc8 32.b3 a5 33.Nd5 Rh8 34.Nc3 g4 35.Nxe4 fxe4
36.Rd2 Kf4 37.Rd4 g3+ 38.Ke2 h3 39.gxh3 Rxh3 40.Rd8 Rh2+ 41.Kf1 Rf2+ 42.Kg1 e3
43.Rd1 Rd2 44.Rf1+ Ke4 45.Re1 e2 46.Kg2 Ke3 47.Kxg3 Rd1 48.Rxe2+ Kxe2 49.Kf4 Rd8
50.Ke5 Kd3 51.c5 Kc3  0-1

[Event "BL9596 (Women)"]
[Site "Germany"]
[Date "1996.??.??"]
[Round "?"]
[White "Bojkovic, Natasa"]
[Black "Jahn, Constanze"]
[Result "1-0"]
[WhiteElo "2425"]
[BlackElo "2225"]

1.e4 c5 2.Nf3 e6 3.d4 cxd4 4.Nxd4 a6 5.Bd3 g6 6.O-O Bg7 7.Be3 Ne7 8.Nc3 O-O
9.f4 d5 10.exd5 Nxd5 11.Nxd5 Qxd5 12.c3 b5 13.Qc2 Bb7 14.Nb3 Qd8 15.Rad1 Qc7
16.Nc5 Bc6 17.Be4 Bxe4 18.Qxe4 Qc6 19.Qc2 a5 20.Rf2 Na6 21.Nd7 Rfd8 22.Rfd2 Rxd7
23.Rxd7 Nb4 24.Rd8+ Bf8 25.Qf2 Nd5 26.Rxa8 Qxa8 27.Qf3 Qc8 28.Bd4 Bg7 29.Bxg7 Kxg7
30.Qd3 Qb8 31.Qd4+ Kg8 32.b3 Qxf4 33.Qxf4 Nxf4 34.Rd8+ Kg7 35.c4 bxc4 36.bxc4 Kf6
37.Ra8 Ke5 38.Rxa5+ Kd6 39.Ra7 f5 40.Rxh7 e5 41.a4  1-0

[Event "BL9596 (Women)"]
[Site "Germany"]
[Date "1996.??.??"]
[Round "?"]
[White "Schubert, Silke"]
[Black "Eckhardt, Claudia"]
[Result "1/2-1/2"]
[WhiteElo "2095"]
[BlackElo "2180"]

1.e4 c5 2.Nf3 e6 3.d4 cxd4 4.Nxd4 a6 5.Bd3 Qc7 6.O-O Nf6 7.c4 Be7 8.Qe2 d6
9.f4 Nbd7 10.Nc3 b6 11.Kh1 O-O 12.Bd2 Bb7 13.Rae1 Rfd8 14.Nf3 Rac8 15.e5 Ne8
16.exd6 Bxd6 17.Ng5 Ndf6 18.Be3 h6 19.Nh3 Bb4 20.a3 Bc5 21.Bxc5 Qxc5 22.Rd1 Nd6
23.f5 e5 24.Nd5 Nxd5 25.cxd5 Bxd5 26.Bxa6 Rc7 27.f6 Be6 28.Qh5 b5 29.a4 bxa4
30.fxg7 Kxg7 31.Ng5 hxg5 32.Qxg5+ Kf8 33.Qxd8+ Ne8 34.Qh4 Bd5 35.Qh8+ Ke7
36.Qxe5+ Be6 37.Qf4 Qb6 38.Qh4+ Kf8 39.Qh8+ Ke7 40.Be2 Rc2 41.Qh4+ Kf8 42.Bg4 Qc6
43.Bf3 Qb5 44.Be4 Rxb2 45.Rfe1 a3 46.Rd8 Qa4 47.Red1 Re2 48.Qh6+ Ke7 49.Qg5+ Kf8
50.Bf3 Rb2 51.h4 a2 52.Qh6+ Ke7 53.Qg5+ Kf8 54.Qc5+ Kg8 55.Qg5+ Kf8 56.Kh2 Rb1
57.Qc5+ Kg8 58.Qg5+ Kf8 59.Qc5+ Kg8 60.Qg5+ Kf8  1/2-1/2

[Event "BL2-N9697"]
[Site "Germany"]
[Date "1996.??.??"]
[Round "?.4"]
[White "Cladouras, Panagiotis"]
[Black "Plump, Detlef"]
[Result "1/2-1/2"]
[WhiteElo "2380"]
[BlackElo "2245"]

1.e4 c5 2.Nf3 e6 3.d4 cxd4 4.Nxd4 a6 5.Bd3 Nf6 6.O-O Qc7 7.Qe2 d6 8.c4 Nbd7
9.Nc3 g6 10.Be3 Bg7 11.Rac1 O-O 12.Rfd1 b6 13.h3 Bb7 14.Nf3 Rfd8 15.b4 Rac8
16.Bd4 Qb8 17.Qe3 Bc6 18.Ne2 b5 19.a3 Qb7 20.Ng3 bxc4 21.Rxc4 d5 22.exd5 Nxd5
23.Qg5 h6 24.Qd2 e5 25.Bb2 N7b6 26.Rxc6 Rxc6 27.Nxe5 Re6 28.f4 Qe7 29.Bxa6 Ra8
30.Bf1 Nxf4 31.Qxf4 Bxe5 32.Bxe5 Rxe5 33.Qxh6 Re1 34.Rd4 Qe3+ 35.Qxe3 Rxe3
36.Ne4 Kg7 37.Rd6 Na4 38.Nc5 Nxc5 39.bxc5 Raxa3 40.Bb5 Rac3 41.c6 Re1+ 42.Kf2 Rb1
43.Be2 Rb2 44.Ke1 Rc1+ 45.Rd1 Rxc6 46.Bf3 Rcc2 47.Kf1 f5 48.Kg1 g5 49.Kh2 Rb6
50.Kg3 Kf6 51.Rd8 Rc7 52.Rf8+ Rf7 53.Rh8 Rg7 54.Rf8+ Ke5 55.Re8+ Re6 56.Ra8 Rd6
57.Re8+ Kf6 58.Rf8+ Kg6 59.Ra8 Rb6 60.Rd8 Kf6 61.Rf8+ Ke5 62.Re8+ Re6 63.Rf8 Rh6
64.Re8+ Kd6 65.Rd8+ Ke7 66.Ra8 Rb6 67.Ra7+ Kf6 68.Ra8 Rb4 69.Ra6+ Ke5 70.Ra5+ Ke6
71.Ra6+ Ke7 72.Ra7+ Kf8 73.Ra8+ Kf7 74.Ra5 Kg6 75.Rc5 Rd4 76.Ra5 Kf6 77.Ra6+ Ke5
78.Ra5+ Ke6 79.Ra6+ Rd6 80.Ra8 Rd3 81.Ra6+ Kf7 82.Ra5 Kg6 83.Ra6+ Kh7 84.Ra4 Re7
85.Ra5 Kg6 86.Ra6+ Kf7 87.Ra5 Kf6 88.Ra6+ Re6 89.Ra5 Red6 90.Ra8 R6d4 91.Ra6+ Kf7
92.Ra7+ Kf6 93.Ra6+ Kf7 94.Ra7+ Kf6  1/2-1/2

[Event "BL2-O9697"]
[Site "Germany"]
[Date "1996.??.??"]
[Round "?.4"]
[White "Priehoda, Vitezslav"]
[Black "Boehlig, Heinz"]
[Result "1-0"]
[WhiteElo "2400"]
[BlackElo "2295"]

1.e4 c5 2.Nf3 e6 3.d4 cxd4 4.Nxd4 a6 5.Bd3 Bc5 6.Nb3 Ba7 7.Qe2 Nc6 8.Be3 Bxe3
9.Qxe3 Nf6 10.Nc3 Qc7 11.f4 d6 12.g4 b5 13.g5 Nd7 14.O-O-O Qb6 15.Qh3 Nc5
16.Nxc5 Qxc5 17.Kb1 Ra7 18.Rd2 b4 19.Ne2 Rc7 20.Rhd1 a5 21.c3 e5 22.f5 O-O
23.Rc2 Qb6 24.Bc4 a4 25.Rxd6 b3 26.axb3 axb3 27.Rcd2 Ba6 28.g6 h6 29.gxf7+ Rfxf7
30.Bxf7+ Rxf7 31.Nc1 Bc4 32.f6 Qb7 33.Rd7 Qa8 34.Rxf7 Bxf7 35.Rg2 Nd8 36.Rxg7+ Kf8
37.Qd3  1-0

[Event "BL2-S9697"]
[Site "Germany"]
[Date "1996.??.??"]
[Round "?.2"]
[White "Mahdi, Khaled"]
[Black "Farago, Ivan"]
[Result "0-1"]
[WhiteElo "2390"]
[BlackElo "2515"]

1.e4 c5 2.Nf3 e6 3.d4 cxd4 4.Nxd4 a6 5.Bd3 Nf6 6.O-O Qc7 7.Qe2 d6 8.b3 g6
9.Bb2 Bg7 10.c4 O-O 11.Nc3 b6 12.Rac1 Bb7 13.Bb1 Nbd7 14.Kh1 Rae8 15.Qd2 Qb8
16.f3 Rd8 17.Na4 Nc5 18.Rfe1 Nxa4 19.bxa4 Nd7 20.Nb3 Bxb2 21.Qxb2 Bc6 22.Qa3 a5
23.Nd4 Qc7 24.Bc2 e5 25.Nb5 Bxb5 26.cxb5 Nc5 27.Qe3 d5 28.exd5 Rxd5 29.Bb3 Rd7
30.h3 Kg7 31.Rc4 f6 32.Rec1 Rfd8 33.Rh4 g5 34.Rhc4 Rd4 35.Qc3 Rd3 36.Qe1 Qd6
37.Rxc5 bxc5 38.Qxa5 e4 39.fxe4 Qf4 40.Qa7+ R8d7 41.Qxc5 Qxe4 42.Qf2 Rxh3+
43.Kg1 Re3 44.Rf1 Qe5 45.Qf5 Qd4 46.Kh1 Rde7 47.Qd5 Qh4+ 48.Kg1 R3e6 49.Qf5 Qd4+
50.Kh1 Re1 51.Bc4 Qh4+ 52.Kg1 g4  0-1

[Event "BL2-W9697"]
[Site "Germany"]
[Date "1996.??.??"]
[Round "?.2"]
[White "Morawietz, Dieter"]
[Black "Kengis, Edvins"]
[Result "0-1"]
[WhiteElo "2430"]
[BlackElo "2560"]

1.e4 c5 2.Nf3 e6 3.d4 cxd4 4.Nxd4 a6 5.Bd3 Nf6 6.O-O d6 7.Kh1 Nbd7 8.f4 Be7
9.c4 Nc5 10.Nc3 Nxd3 11.Qxd3 O-O 12.b3 Bd7 13.Bb2 Qa5 14.Rae1 Rad8 15.e5 dxe5
16.fxe5 Ne8 17.Qg3 b5 18.cxb5 axb5 19.Ne4 b4 20.Nf6+ Kh8 21.Qh4 gxf6 22.exf6 Bd6
23.Rf3 e5 24.Nf5 Bxf5 25.Rxf5 Qd5 26.Rf3 Rg8 27.Bc1 Rg6 28.Bg5 Bf8 29.Rfe3 e4
30.Rxe4 Rxg5 31.Rxe8 Qxg2+  0-1

[Event "Hessenliga 9596"]
[Site "Germany"]
[Date "1996.??.??"]
[Round "?"]
[White "Karabalis, Harilos"]
[Black "Schubert, Christian"]
[Result "1-0"]
[WhiteElo "2205"]
[BlackElo "2295"]

1.e4 c5 2.Nf3 e6 3.d4 cxd4 4.Nxd4 a6 5.Bd3 Nc6 6.Nb3 Qc7 7.O-O Nf6 8.f4 d6
9.a4 Be7 10.Nc3 b6 11.Be3 O-O 12.Qf3 Bb7 13.Qh3 Nb4 14.Kh1 Nxd3 15.cxd3 d5
16.e5 Nd7 17.d4 Qc4 18.Nd2 Qd3 19.Rf3 b5 20.f5 Nxe5 21.dxe5 d4 22.Rg3 dxe3
23.Qh6 g5 24.f6 Bxf6 25.exf6 Qg6 26.Rxg5  1-0

[Event "BL2-O9596"]
[Site "Germany"]
[Date "1996.??.??"]
[Round "?"]
[White "Henrich, Thomas"]
[Black "Blum, Gernot"]
[Result "0-1"]
[WhiteElo "2340"]
[BlackElo "2115"]

1.e4 c5 2.Nf3 e6 3.d4 cxd4 4.Nxd4 a6 5.Bd3 Qb6 6.Nb3 Nc6 7.O-O Nf6 8.Re1 d6
9.Nc3 Be7 10.Be3 Qc7 11.f4 b5 12.Qf3 Bb7 13.Qg3 h5 14.h3 h4 15.Qf2 Rc8 16.f5 Ne5
17.fxe6 fxe6 18.Nd4 Kd7 19.Nd5 exd5 20.Qf5+ Ke8 21.Ne6 Qd7 22.exd5 Kf7 23.Bd4 Bxd5
24.Rxe5 Bxe6 25.Qg6+ Kf8 26.Rg5 Rg8 27.Rf1 Bf7 28.Bxf6 Bxf6 29.Rxf6 gxf6  0-1

[Event "Landesliga Nord 9697 Bayern"]
[Site "Germany"]
[Date "1996.??.??"]
[Round "?"]
[White "Schmitt, Gernot"]
[Black "Bunk, Karsten"]
[Result "0-1"]
[WhiteElo "2020"]
[BlackElo "2100"]

1.e4 c5 2.Nf3 e6 3.d4 cxd4 4.Nxd4 a6 5.Bd3 Nc6 6.Nxc6 dxc6 7.f4 e5 8.f5 Bc5
9.Qe2 Nf6 10.Nd2 b5 11.a4 Bb7 12.Nb3 Bb6 13.Be3 Bxe3 14.Qxe3 Nd7 15.a5 Qe7
16.O-O c5 17.c4 b4 18.Rf3 Rc8 19.Rg3 O-O 20.Rf1 Rc6 21.Qe2 Nf6 22.Rh3 h5
23.Bc2 Rd8 24.Qe3 Ng4 25.Qe1 Rh6 26.Bd1 Nf6 27.Bc2 Bc6 28.Nd2 Qc7 29.Qe3 Qxa5
30.Qg5 Qc7 31.Rg3 Ng4 32.Nf3 f6 33.Qc1 Rh7 34.h3 Nh6 35.Qe3 Bb7 36.Nh4 Nf7
37.Qe2 Rd4 38.Nf3 Rd8 39.Nd2 a5 40.Ba4 Rd4 41.Rd3 Qd6 42.Bc2 Nd8 43.Nf3 Rxd3
44.Bxd3 Nc6 45.Ra1 Kf7 46.Nh4 Nd4 47.Qe3 Qc7 48.Qg3 Rh6 49.Nf3 h4 50.Nxh4 Bxe4
51.Ng6 Nxf5  0-1

[Event "BL9697 (Women)"]
[Site "Germany"]
[Date "1996.??.??"]
[Round "?"]
[White "Stangl, Anita"]
[Black "Jahn, Constanze"]
[Result "0-1"]
[WhiteElo "2165"]
[BlackElo "2225"]

1.e4 c5 2.Nf3 e6 3.d4 cxd4 4.Nxd4 a6 5.Bd3 Nc6 6.Be3 Nf6 7.O-O Qc7 8.Nxc6 bxc6
9.c4 d5 10.cxd5 cxd5 11.Nc3 Bd6 12.Rc1 Qa5 13.exd5 Nxd5 14.Qh5 g6 15.Qf3 Bb7
16.Rfe1 O-O 17.Bh6 Rfc8 18.Ne4 Be7 19.Qg3 Nf6 20.Qh4 Rxc1 21.Rxc1 Qd5 22.Nxf6+ Bxf6
23.Qh3 Bxb2 24.Re1 Rd8 25.Be2 Qa5 26.Rf1 Qxa2 27.Qh4 Qa5 28.Qe7 Qd5 29.Bf3 Qd7
30.Qb4 Bxf3 31.Qxb2 f6 32.gxf3 Kf7 33.Be3 Qd5 34.Qe2 a5 35.f4 a4 36.Qa6 Ra8
37.Qb6 a3 38.Qc7+ Kg8 39.f5  0-1

[Event "BL9697 (Women)"]
[Site "Germany"]
[Date "1996.??.??"]
[Round "?"]
[White "Koglin, Anke"]
[Black "Mai, Iris"]
[Result "1/2-1/2"]
[WhiteElo "2210"]
[BlackElo "2185"]

1.e4 c5 2.Nf3 e6 3.d4 cxd4 4.Nxd4 a6 5.Bd3 Nc6 6.Nxc6 dxc6 7.O-O e5 8.Nd2 Nf6
9.Nc4 Qc7 10.Be3 Nd7 11.a4 Bc5 12.Bxc5 Nxc5 13.Qh5 Nd7 14.a5 O-O 15.Rfd1 Re8
16.Qe2 Rb8 17.c3 Nf8 18.Rd2 Be6 19.b4 Rbd8 20.Rad1 Ng6 21.g3 Nf8 22.Qe3 h6
23.Be2 Bxc4 24.Bxc4 Rxd2 25.Qxd2 Re7 26.Qd8 Qxd8 27.Rxd8 g6 28.Kf1 Kg7 29.Rb8 h5
30.h4 Nh7 31.Ke2 Nf6 32.Bd3 Rd7 33.f3 Re7 34.Kd2 Nh7 35.Rd8 Nf8 36.Kc2 Ne6
37.Rb8 Nf8 38.Bc4 Nh7 39.Bd3  1/2-1/2

[Event "Baden-Alsace mJ"]
[Site "Germany"]
[Date "1996.??.??"]
[Round "1"]
[White "Muller, Anne"]
[Black "Bosbach, Gerhard"]
[Result "0-1"]
[WhiteElo "2170"]
[BlackElo "2265"]

1.e4 c5 2.Nf3 e6 3.d4 cxd4 4.Nxd4 a6 5.Bd3 Bc5 6.Nb3 Ba7 7.Nc3 Nc6 8.Qe2 d6
9.Be3 Nf6 10.O-O-O O-O 11.Bxa7 Rxa7 12.f4 Qc7 13.Kb1 Ra8 14.g4 b5 15.g5 Nd7
16.h4 b4 17.Na4 Bb7 18.h5 Ne7 19.Nd4 e5 20.fxe5 dxe5 21.Nf3 Bc6 22.b3 Bxa4
23.bxa4 Nb6 24.Rdg1 Nxa4 25.Qe1 Nc3+ 26.Kc1 Nxa2+ 27.Kd2 Rad8 28.Qe3 Nc6
29.Ke1 Nd4 30.Nxd4 Qc3+ 31.Ke2 Qxd4 32.g6 Nc3+  0-1

[Event "NRW-Liga II 9697"]
[Site "Germany"]
[Date "1996.??.??"]
[Round "2.2"]
[White "Hendriks, Willy"]
[Black "Konikowski, Jerzy"]
[Result "1/2-1/2"]
[WhiteElo "2425"]
[BlackElo "2345"]

1.e4 c5 2.Nf3 e6 3.d4 cxd4 4.Nxd4 a6 5.Bd3 Nf6 6.O-O Qc7 7.Qe2 d6 8.c4 Nbd7
9.Nc3 b6 10.b3 g6 11.Bb2 Bg7 12.Kh1 Bb7 13.f4 O-O 14.Rae1 Nc5 15.Bb1 d5 16.e5 Nfe4
17.Nxe4 Nxe4 18.cxd5 exd5 19.Rc1 Qe7 20.Qe3 Rac8 21.Nf3 b5 22.Qb6 Bh6 23.Rxc8 Rxc8
24.f5 Qc7 25.Qd4 Qc5 26.fxg6 fxg6 27.Qxc5 Rxc5 28.Bd4 Rc1 29.Rxc1 Bxc1 30.Kg1 Kf7
31.Kf1 Ke6 32.Ke2 b4 33.Ne1 Bf4 34.Nf3 Bh6 35.h4 Bf4 36.Bxe4 dxe4 37.Ng5+ Kd5
38.Be3 Bxe5 39.Nxh7 a5 40.Ng5 Ba6+ 41.Kd2 Bc3+ 42.Kc1 Bd4 43.Kd2 Bc3+ 44.Kc1 Bd4
45.Kd2 Bc3+  1/2-1/2

[Event "Goch op"]
[Site "Goch"]
[Date "1996.??.??"]
[Round "6"]
[White "Zurmely, Frank"]
[Black "Podzielny, Karl Heinz"]
[Result "1/2-1/2"]
[WhiteElo "2245"]
[BlackElo "2490"]

1.e4 c5 2.Nf3 e6 3.d4 cxd4 4.Nxd4 a6 5.Bd3 Nf6 6.O-O Qc7 7.c4 d6 8.Nc3 Nbd7
9.f4 h5 10.Kh1 Be7 11.Be3 Ng4 12.Bg1 Bf6 13.Rc1 b6 14.b4 Bb7 15.f5 Bxd4 16.fxe6 fxe6
17.Bxd4 Nde5 18.Na4 Nf6 19.Nxb6 Rd8 20.Qe2 h4 21.Bxe5 dxe5 22.c5 h3 23.Bb1 Rd4
24.Nc4 Nxe4 25.Rfd1 Ng3+ 26.hxg3 hxg2+ 27.Kg1 Rh1+ 28.Kf2 g1=Q+ 29.Rxg1 Rh2+
30.Ke3 Rxe2+ 31.Kxe2 Qf7 32.Nd6+ Rxd6 33.cxd6 Qf3+ 34.Kd2 Qf2+ 35.Kc3 Bd5
36.Rcd1 a5 37.bxa5 Qc5+ 38.Kd2 Qd4+ 39.Ke2 Qg4+ 40.Kd2 Bf3 41.d7+ Kxd7 42.a6 Kc7
43.Rc1+ Kb6 44.Bd3 Qd4 45.Rb1+ Ka7  1/2-1/2

[Event "Graz op"]
[Site "Graz"]
[Date "1996.??.??"]
[Round "?"]
[White "Steudel, Karl"]
[Black "Stanec, Nikolaus"]
[Result "0-1"]
[WhiteElo "2255"]
[BlackElo "2490"]

1.e4 c5 2.Nf3 e6 3.d4 cxd4 4.Nxd4 a6 5.Bd3 g6 6.Qe2 Bg7 7.Be3 Ne7 8.f4 Nbc6
9.c3 e5 10.Nf3 d5 11.fxe5 Bg4 12.Nbd2 Nxe5 13.Bc2 Qc7 14.Qf2 Bxf3 15.gxf3 dxe4
16.Bxe4 O-O 17.O-O-O Nd5 18.Bd4 Nf4 19.Kb1 Rfe8 20.h4 Ned3 21.Qf1 Bxd4 22.cxd4 Nb4
23.h5 Rad8 24.hxg6 fxg6 25.Nc4 Qf7 26.b3 Nbd5 27.Rc1 Qe7 28.Ne5 Qb4 29.Qc4 Qxc4
30.Rxc4 Re7 31.Rhc1 Kg7 32.a4 Ne6 33.Rc8 Rxc8 34.Rxc8 Nf6 35.d5 Nf4  0-1